000 00563cam a2200145 4500500
005 20260322005123.0
041 _afre
042 _adc
100 1 0 _ade Dinechin, Olivier
_eauthor
245 0 0 _aBernadette Avon , A l’écoute du symptôme IVG : accompagner la relation , Chronique Sociale, coll. Comprendre les personnes, 2004, 168 pages, 16 €
260 _c2005.
500 _a5
786 0 _nÉtudes | 402 | 2 | 2005-02-01 | p. XIII-XIII | 0014-1941
856 4 1 _uhttps://shs.cairn.info/revue-etudes-2005-2-page-XIII?lang=fr&redirect-ssocas=7080
999 _c1745903
_d1745903